| 000 | 00726nam a2200241 u 4500 | ||
|---|---|---|---|
| 005 | 20240316063902.0 | ||
| 008 | 111109s2004 ve r 000 0 spa d | ||
| 020 | _a9802572276 (10 dígitos) | ||
| 020 | _a9788493842987 (13 dígitos) | ||
| 035 | _aUPN01000182482 | ||
| 049 | _aI | ||
| 050 | 4 |
_aPZ10.3 _bM3.33 2004 |
|
| 100 | 1 |
_aMcKee, David, _d1935- _929650 |
|
| 245 | 1 | 0 |
_aCebra tiene hipo / _cDavid Mckee ; tr. Carmen Diana Dearden. |
| 250 | _a2a ed. | ||
| 260 |
_aCaracas : _bEkaré, _c2004. |
||
| 300 | _a[25] p. | ||
| 440 | 0 | _aMis primeras lecturas | |
| 534 |
_pTítulo original: _tZebra's hiccups |
||
| 650 | 4 |
_aCuentos infantiles ingleses _910002 |
|
| 650 | 2 |
_aCuentos de aventuras _99134 |
|
| 905 | _aInfantil | ||
| 999 |
_c154585 _d154585 |
||